Science Quiz

Random Science or Blitz Quiz

5 in 15: Elements Quiz Stats

 Plays Quiz Updated Mar 1, 2019

Score 0/5 Timer 00:15
22 Plays Today
% Correct
Correct noble gas.
93.3%
Correct one-letter element.
88.5%
Correct four-letter element.
83.4%
Correct magnetic element.
57.9%
Correct atomic number element.
45%

You're not logged in!

Compare scores with friends on all Sporcle quizzes.
OR
Log In

Sporcle TV

Today on Sporcle TV


Watch our educational content, quiz creation guides, and fun videos on Sporcle TV.

Show Comments

Extras

Top Quizzes Today


Score Distribution

Your Account Isn't Verified!

In order to create a playlist on Sporcle, you need to verify the email address you used during registration. Go to your Sporcle Settings to finish the process.

Report this User

Report this user for behavior that violates our Community Guidelines.

Details: